Countries that Start with D by Flag-Shape - Statistics

General Stats
  • This quiz has been taken 38 times
  • The average score is 5 of 5
Answer Stats
Picture Answer % Correct
Denmark
100%
D.R. Congo
94%
Djibouti
88%
Dominica
88%
Dominican Republic
88%
No matching quizzes found
Score Distribution
Percent of People with Each Score
Percentile by Number Answered
Your Score History
You have not taken this quiz